[Event "G7-Gruppe 2 2013"]
[Site "Elsinore"]
[Date "2013.03.28"]
[Round "3"]
[White "Thomsen, Kurt"]
[Black "Borg, Flemming"]
[Result "0-1"]
[WhiteElo "1940"]
[BlackElo "1784"]
[PlyCount "92"]
[EventDate "2013.??.??"]
[EventType "swiss"]
[EventRounds "7"]
[EventCountry "DEN"]

1. d4 d6 2. c4 e5 3. d5 Nd7 4. Nc3 a5 5. e4 Nc5 6. f3 Be7 7. Be3 b6 8. Bd3 Bg5
9. Bf2 g6 10. Nge2 f5 11. exf5 gxf5 12. Ng3 Nh6 13. Qc2 O-O 14. O-O Bd7 15. b3
Qe7 16. a3 Nxd3 17. Qxd3 Kh8 18. b4 Rg8 19. Rfe1 Qg7 20. Nce2 axb4 21. f4 Bf6
22. Ra2 Ng4 23. Qb3 Nxf2 24. Kxf2 e4 25. axb4 Rxa2 26. Qxa2 h5 27. Ke3 Be8 28.
Rg1 Bg6 29. Nf1 h4 30. Nd2 Bh5 31. Nb3 Bxe2 32. Qxe2 Ra8 33. Rb1 Kg8 34. Qc2
Ra3 35. Kf2 Bd4+ 36. Kf1 Be3 37. c5 bxc5 38. bxc5 Bxf4 39. cxd6 Bxd6 40. Qf2
Qg4 41. Nd4 f4 42. Nb5 e3 43. Qe2 Qxe2+ 44. Kxe2 Ra2+ 45. Kf1 Rf2+ 46. Kg1 Bc5
0-1

[Event "G7-Gruppe 2 2013"]
[Site "Elsinore"]
[Date "2013.03.28"]
[Round "3"]
[White "Stochkel, Casper"]
[Black "Hansen, Rasmus Agertoft"]
[Result "0-1"]
[WhiteElo "1797"]
[BlackElo "1985"]
[PlyCount "111"]
[EventDate "2013.??.??"]
[EventType "swiss"]
[EventRounds "7"]
[EventCountry "DEN"]

1. c4 f5 2. Nf3 Nf6 3. Nc3 g6 4. g3 Bg7 5. Bg2 O-O 6. O-O d6 7. d4 Nc6 8. Bf4
h6 9. d5 Na5 10. Qd3 c5 11. h4 Ng4 12. Rab1 Ne5 13. Bxe5 dxe5 14. e4 f4 15. a3
b6 16. b4 Nb7 17. Na4 Bd7 18. Qc2 Qe8 19. Nb2 Bf6 20. Nd3 g5 21. Nfxe5 gxh4 22.
gxf4 h3 23. Bf3 Bxe5 24. Nxe5 Rxf4 25. Qd2 Rxf3 26. Nxf3 Qg6+ 27. Ng5 Qxg5+ 28.
Qxg5+ hxg5 29. e5 Bf5 30. Rb3 Kg7 31. Rg3 Kg6 32. Kh2 Rh8 33. f4 g4 34. Rd1 Kf7
35. Re3 e6 36. d6 Rc8 37. Rc3 Nd8 38. b5 Nb7 39. a4 Rd8 40. Kg3 Rd7 41. Kh4 Kg6
42. Rd2 Rd8 43. Kg3 Kh5 44. Re3 Na5 45. Rc3 Be4 46. Re2 Bf5 47. Rd2 Kg6 48. Kh4
Rd7 49. Rd1 Rh7+ 50. Kg3 h2 51. d7 Nb7 52. Rcc1 Nd8 53. Re1 Rh3+ 54. Kg2 h1=Q+
55. Rxh1 Be4+ 56. Kg1 0-1

[Event "G7-Gruppe 2 2013"]
[Site "Elsinore"]
[Date "2013.03.29"]
[Round "4"]
[White "Haagen Larsen, Hans"]
[Black "Christophersen, David"]
[Result "0-1"]
[WhiteElo "1745"]
[BlackElo "1834"]
[PlyCount "94"]
[EventDate "2013.??.??"]
[EventType "swiss"]
[EventRounds "7"]
[EventCountry "DEN"]

1. d4 Nf6 2. Nf3 g6 3. Bf4 d6 4. e3 Nbd7 5. h3 Bg7 6. Be2 c5 7. c3 O-O 8. Nbd2
Rb8 9. a4 cxd4 10. exd4 Re8 11. O-O Nd5 12. Bh2 a6 13. Qb3 N7f6 14. c4 Nc7 15.
c5 Be6 16. Qa3 dxc5 17. dxc5 Rc8 18. Rac1 Ncd5 19. b4 Bd7 20. Rfd1 Bh6 21. b5
axb5 22. axb5 Ra8 23. Qb3 e5 24. Bc4 e4 25. Bxd5 Nxd5 26. Qxd5 exf3 27. Qxb7
fxg2 28. c6 Bxh3 29. c7 Qe7 30. Qf3 Bxd2 31. Qxh3 Bxc1 32. Rxc1 Rac8 33. Qxg2
Qa3 34. Rb1 Qd3 35. Qf1 Qd2 36. b6 Re4 37. Rd1 Rg4+ 38. Kh1 Qg5 39. Qh3 h5 40.
f3 Qe3 41. Rd8+ Kh7 42. Rd1 Rh4 43. Qg3 Rxh2+ 44. Kxh2 Qe2+ 45. Qg2 Qxd1 46.
Qh3 Qd6+ 47. Kg1 Qxb6+ 0-1

[Event "G7-Gruppe 2 2013"]
[Site "Elsinore"]
[Date "2013.03.29"]
[Round "4"]
[White "Kristensen, Bjarke Hautop"]
[Black "Markussen, Benno"]
[Result "1/2-1/2"]
[WhiteElo "1873"]
[BlackElo "1779"]
[PlyCount "78"]
[EventDate "2013.??.??"]
[EventType "swiss"]
[EventRounds "7"]
[EventCountry "DEN"]

1. c4 c6 2. g3 Nf6 3. Bg2 g6 4. Nf3 Bg7 5. O-O d6 6. Nc3 e5 7. e4 Be6 8. d3 Qd7
9. Ng5 O-O 10. Nxe6 Qxe6 11. f4 exf4 12. gxf4 Nh5 13. f5 Bd4+ 14. Kh1 Qe5 15.
Bh6 Re8 16. Ne2 Nd7 17. Nxd4 Qxd4 18. Qe2 Ndf6 19. Bf3 Ng7 20. Bg4 Nxe4 21.
dxe4 Rxe4 22. Rad1 Qe5 23. Bxg7 Kxg7 24. Qf3 Re3 25. Qf4 Qxf4 26. Rxf4 Rd8 27.
Rfd4 h5 28. fxg6 hxg4 29. gxf7 Kxf7 30. Rxg4 Re2 31. Rg2 Rxg2 32. Kxg2 b6 33.
Kf3 Ke6 34. Ke4 Rh8 35. Rd2 Rh4+ 36. Kd3 Rh3+ 37. Ke4 Rh4+ 38. Kd3 Rh3+ 39. Ke4
Rh4+ 1/2-1/2

[Event "G7-Gruppe 2 2013"]
[Site "Elsinore"]
[Date "2013.03.29"]
[Round "4"]
[White "Petersen, Bjarne"]
[Black "Jensen, Tommy"]
[Result "1-0"]
[WhiteElo "1797"]
[BlackElo "1904"]
[PlyCount "77"]
[EventDate "2013.??.??"]
[EventType "swiss"]
[EventRounds "7"]
[EventCountry "DEN"]

1. g3 d5 2. Bg2 Nf6 3. c4 e6 4. d4 Nc6 5. cxd5 exd5 6. Nc3 Be6 7. Bg5 Be7 8.
Nf3 a6 9. O-O h6 10. Bf4 Nh5 11. Bd2 Qd7 12. e3 Nf6 13. Ne5 Nxe5 14. dxe5 Ng4
15. Ne2 Nxe5 16. Bc3 f6 17. Nf4 c6 18. Bxe5 fxe5 19. Qh5+ Bf7 20. Qxe5 O-O 21.
Bh3 Qe8 22. Qc3 Bf6 23. Qd3 Rb8 24. Qd2 Qe5 25. Nd3 Qh5 26. Nf4 Qe5 27. Nd3 Qe4
28. Nc5 Qe5 29. Nd7 Qxb2 30. Qxb2 Bxb2 31. Rab1 Bf6 32. Nxf8 Kxf8 33. Rfc1 Be7
34. Rxc6 a5 35. Rc8+ Rxc8 36. Bxc8 d4 37. exd4 Bxa2 38. Ra1 Bd5 39. Rxa5 1-0

[Event "G7-Gruppe 2 2013"]
[Site "Elsinore"]
[Date "2013.03.29"]
[Round "4"]
[White "Borg, Flemming"]
[Black "Jorgensen, Alexander Torp"]
[Result "1-0"]
[WhiteElo "1784"]
[BlackElo "1673"]
[PlyCount "91"]
[EventDate "2013.??.??"]
[EventType "swiss"]
[EventRounds "7"]
[EventCountry "DEN"]

1. e4 e6 2. d3 c5 3. c3 Nc6 4. f4 d5 5. Qc2 f6 6. Nf3 Bd6 7. Be3 Qc7 8. g3 Rb8
9. a4 b6 10. Na3 a6 11. Qf2 Nge7 12. Bh3 O-O 13. O-O e5 14. Bxc8 Rbxc8 15. f5
d4 16. Bd2 Na5 17. cxd4 cxd4 18. Bxa5 bxa5 19. Nc4 Nc6 20. g4 Nb4 21. Nxd6 Qxd6
22. Ne1 Rc7 23. Qd2 Rfc8 24. g5 Kh8 25. h4 Qc5 26. h5 fxg5 27. Qxg5 Nc2 28. Rc1
Qf8 29. Nf3 Qf6 30. Rf2 Ne3 31. Rxc7 Rxc7 32. Qg3 Rc1+ 33. Kh2 Nf1+ 34. Rxf1
Rxf1 35. Nxe5 Qb6 36. Nc4 Qb3 37. h6 Qc2+ 38. Kh3 Rh1+ 39. Kg4 Qd1+ 40. Kf4
gxh6 41. Ke5 Qxa4 42. Nd6 Qd7 43. f6 Rc1 44. f7 Qe7+ 45. Kxd4 Qd8 46. Qe5+ 1-0

[Event "G7-Gruppe 2 2013"]
[Site "Elsinore"]
[Date "2013.03.29"]
[Round "4"]
[White "Hansen, Verner"]
[Black "Stochkel, Casper"]
[Result "1-0"]
[WhiteElo "1887"]
[BlackElo "1797"]
[PlyCount "51"]
[EventDate "2013.??.??"]
[EventType "swiss"]
[EventRounds "7"]
[EventCountry "DEN"]

1. e4 d6 2. Nc3 c5 3. g3 Nc6 4. Bg2 Nf6 5. d3 g6 6. f4 Bg4 7. Nf3 Nd4 8. O-O
Bg7 9. Ne2 Nxf3+ 10. Bxf3 Bxf3 11. Rxf3 Qd7 12. c3 O-O 13. Be3 Ng4 14. Qd2 d5
15. e5 b6 16. d4 c4 17. Raf1 e6 18. h3 Nh6 19. g4 Qa4 20. f5 Nxf5 21. gxf5 exf5
22. Nf4 Rad8 23. a3 g5 24. Nh5 f4 25. Bxf4 gxf4 26. Qg2 1-0

[Event "G7-Gruppe 2 2013"]
[Site "Elsinore"]
[Date "2013.03.29"]
[Round "4"]
[White "Hansen, Rasmus Agertoft"]
[Black "Jacobsen, Mikkel Manosri"]
[Result "1/2-1/2"]
[WhiteElo "1985"]
[BlackElo "1815"]
[PlyCount "111"]
[EventDate "2013.??.??"]
[EventType "swiss"]
[EventRounds "7"]
[EventCountry "DEN"]

1. e4 d5 2. exd5 Qxd5 3. Nc3 Qa5 4. b4 Qxb4 5. Rb1 Qd6 6. Nf3 Nf6 7. Bc4 c6 8.
O-O b5 9. Be2 Bb7 10. d4 Nbd7 11. Qd3 e6 12. Bg5 Be7 13. Qe3 a6 14. Bf4 Qa3 15.
Bc7 Nd5 16. Nxd5 cxd5 17. Bd3 Rc8 18. Be5 Nxe5 19. Nxe5 Qd6 20. Qh3 Bf6 21. f4
Qb6 22. c3 Qa5 23. Rbc1 Qxa2 24. f5 Bxe5 25. dxe5 Rc6 26. Qh5 d4 27. Be4 dxc3
28. fxe6 Qxe6 29. Bf5 Qe7 30. e6 g6 31. exf7+ Qxf7 32. Rce1+ Kd8 33. Qh4+ Qf6
34. Rd1+ Kc7 35. Rd7+ Kb8 36. Qg3+ Ka8 37. Be4 Qxf1+ 38. Kxf1 c2 39. Bxc2 Rxc2
40. Qd3 Rhc8 41. Rd8 Bxg2+ 42. Ke1 Bb7 43. h4 Rxd8 44. Qxd8+ Rc8 45. Qd7 Rc6
46. Qd8+ Ka7 47. Qd4+ Rb6 48. Kd2 h6 49. Kc3 a5 50. Qh8 g5 51. hxg5 hxg5 52.
Qg7 b4+ 53. Kb2 b3 54. Qxg5 Bc6 55. Qxa5+ Kb7 56. Qxb6+ 1/2-1/2

[Event "G7-Gruppe 2 2013"]
[Site "Elsinore"]
[Date "2013.03.29"]
[Round "4"]
[White "Luther, Lasse"]
[Black "Oland, Arne"]
[Result "1/2-1/2"]
[WhiteElo "1999"]
[BlackElo "1925"]
[PlyCount "109"]
[EventDate "2013.??.??"]
[EventType "swiss"]
[EventRounds "7"]
[EventCountry "DEN"]

1. d4 f5 2. Bg5 g6 3. Nc3 d5 4. e3 Nh6 5. Bf4 Nf7 6. Nb5 Na6 7. c4 e6 8. Nc3 c6
9. cxd5 exd5 10. Bxa6 bxa6 11. Nf3 Qb6 12. O-O Bd7 13. Ne5 Nxe5 14. Bxe5 Rg8
15. Na4 Qb5 16. Rc1 Rc8 17. Nc5 Be7 18. a4 Qb6 19. b4 Rf8 20. Qe2 a5 21. bxa5
Qxa5 22. Qa2 Rf7 23. Nb7 Qa6 24. Nd6+ Bxd6 25. Bxd6 Be6 26. Rb1 Rd8 27. Be5
Rfd7 28. Qa3 Rb7 29. h4 Bc8 30. Rxb7 Qxb7 31. Qc5 Be6 32. Rc1 Rc8 33. Qd6 Qd7
34. Qxd7+ Bxd7 35. a5 Ke7 36. Rc5 Be6 37. Kh2 Kd7 38. Kg3 a6 39. Rc2 Ke7 40.
Rb2 c5 41. Rb7+ Bd7 42. dxc5 Rxc5 43. Bc7 Rc4 44. Bb6 f4+ 45. exf4 d4 46. Rc7
Rc3+ 47. Rxc3 dxc3 48. f3 Kd6 49. Kf2 Kd5 50. Ke2 Kc4 51. Kd1 h5 52. Kc1 Kd3
53. g4 hxg4 54. fxg4 Bxg4 55. Bd8 1/2-1/2

[Event "G7-Gruppe 2 2013"]
[Site "Elsinore"]
[Date "2013.03.29"]
[Round "4"]
[White "Hansen, Henrik Damgaard"]
[Black "Hvid, Jorn Christensen"]
[Result "0-1"]
[WhiteElo "1801"]
[BlackElo "1967"]
[PlyCount "84"]
[EventDate "2013.??.??"]
[EventType "swiss"]
[EventRounds "7"]
[EventCountry "DEN"]

1. e4 d5 2. exd5 Qxd5 3. Nc3 Qa5 4. d4 Nf6 5. Bd2 c6 6. Bc4 Bg4 7. Nf3 e6 8. h3
Bh5 9. O-O Qc7 10. Re1 Be7 11. g4 Bg6 12. Ne5 Nbd7 13. Nxg6 hxg6 14. Qf3 O-O-O
15. Bf1 Bd6 16. Bg2 Nb6 17. Ne2 Nc4 18. Bc1 e5 19. Qb3 Nb6 20. dxe5 Bxe5 21. f4
Bd6 22. c4 Rhe8 23. Qc2 Bb4 24. Rf1 Bc5+ 25. Kh1 Rh8 26. f5 Nxg4 27. Bf4 Qe7
28. fxg6 fxg6 29. Qxg6 Qxe2 30. Qf5+ Nd7 31. Rf3 Rxh3+ 32. Rxh3 Nf2+ 33. Kh2
Nxh3 34. Qxh3 Qxb2 35. Rd1 g5 36. Rxd7 Rxd7 37. Bxg5 Qe5+ 38. Qg3 Qxg3+ 39.
Kxg3 Rg7 40. Bh3+ Kc7 41. Kf4 Rf7+ 42. Bf5 Be3+ 0-1

[Event "G7-Gruppe 2 2013"]
[Site "Elsinore"]
[Date "2013.03.29"]
[Round "4"]
[White "Boe Olsen, Filip"]
[Black "Thomsen, Kurt"]
[Result "1/2-1/2"]
[WhiteElo "1629"]
[BlackElo "1940"]
[PlyCount "75"]
[EventDate "2013.??.??"]
[EventType "swiss"]
[EventRounds "7"]
[EventCountry "DEN"]

1. d4 Nf6 2. Nf3 g6 3. Bf4 Bg7 4. e3 d5 5. c4 O-O 6. Nc3 c5 7. Be2 Nc6 8. dxc5
Qa5 9. O-O dxc4 10. Bxc4 Qxc5 11. Bb3 Na5 12. Ba4 Nc4 13. Qe2 Nxb2 14. Qxb2 Nd5
15. Qb5 Qxb5 16. Nxb5 Nxf4 17. exf4 Bxa1 18. Rxa1 Bd7 19. Ne5 Bxb5 20. Bxb5 a6
21. Bc4 Rac8 22. Bd5 Rc7 23. Nxf7 Rxf7 24. g3 Kg7 25. Bxf7 Kxf7 26. Kg2 Rc3 27.
a4 h5 28. Rb1 Rc4 29. Rxb7 Rxa4 30. Rb6 Ra3 31. h3 a5 32. Ra6 a4 33. g4 hxg4
34. hxg4 Ra1 35. Kg3 e6 36. Ra8 a3 37. Kh4 Kf6 38. Rf8+ 1/2-1/2

[Event "G7-Gruppe 2 2013"]
[Site "Elsinore"]
[Date "2013.03.30"]
[Round "5"]
[White "Thomsen, Kurt"]
[Black "Hansen, Henrik Damgaard"]
[Result "0-1"]
[WhiteElo "1940"]
[BlackElo "1801"]
[PlyCount "86"]
[EventDate "2013.??.??"]
[EventType "swiss"]
[EventRounds "7"]
[EventCountry "DEN"]

1. d4 Nf6 2. c4 c5 3. d5 e6 4. Nc3 exd5 5. cxd5 d6 6. e4 a6 7. a4 g6 8. Be2 Bg7
9. f4 O-O 10. Bf3 Re8 11. Nge2 Bg4 12. O-O Bxf3 13. gxf3 b6 14. Be3 Nbd7 15.
Qd3 Qe7 16. Rae1 Reb8 17. Ng3 Ne8 18. Rf2 Kh8 19. Rfe2 Qh4 20. Qd2 b5 21. Bf2
Qh3 22. e5 dxe5 23. fxe5 Bh6 24. Qd3 b4 25. Nd1 Rd8 26. Qc4 Nb6 27. Qxc5 Nxd5
28. Re4 Rac8 29. Qa7 Qe6 30. Qd4 Nc3 31. Qxb4 Nxe4 32. Nxe4 Qxe5 33. Ng3 Qf6
34. Rxe8+ Rxe8 35. Bd4 Re5 36. Kg2 Qe6 37. Bxe5+ Qxe5 38. Nc3 Kg7 39. Qb7 Rb8
40. Qxa6 Rxb2+ 41. Nce2 Bf4 42. Kf1 Qe3 43. Qc4 Qxf3+ 0-1

[Event "G7-Gruppe 2 2013"]
[Site "Elsinore"]
[Date "2013.03.30"]
[Round "5"]
[White "Jorgensen, Alexander Torp"]
[Black "Hansen, Rasmus Agertoft"]
[Result "0-1"]
[WhiteElo "1673"]
[BlackElo "1985"]
[PlyCount "54"]
[EventDate "2013.??.??"]
[EventType "swiss"]
[EventRounds "7"]
[EventCountry "DEN"]

1. e4 c6 2. d4 d5 3. exd5 cxd5 4. c4 Nf6 5. Nc3 Nc6 6. Nf3 g6 7. Be3 Bg7 8. Be2
O-O 9. O-O Be6 10. c5 Rc8 11. h3 h6 12. Rb1 Ne4 13. Bb5 f5 14. Bxc6 bxc6 15.
Ne5 f4 16. Nxe4 dxe4 17. Nxg6 fxe3 18. Nxf8 exf2+ 19. Rxf2 Bxf8 20. b3 Bg7 21.
Kh1 Qxd4 22. Qxd4 Bxd4 23. Re2 e3 24. Rc1 Bf5 25. Rc4 e5 26. Rxd4 exd4 27. Kh2
d3 0-1

[Event "G7-Gruppe 2 2013"]
[Site "Elsinore"]
[Date "2013.03.30"]
[Round "5"]
[White "Hvid, Jorn Christensen"]
[Black "Luther, Lasse"]
[Result "1/2-1/2"]
[WhiteElo "1967"]
[BlackElo "1999"]
[PlyCount "90"]
[EventDate "2013.??.??"]
[EventType "swiss"]
[EventRounds "7"]
[EventCountry "DEN"]

1. c4 e5 2. g3 Nc6 3. Bg2 g6 4. Nc3 Bg7 5. d3 d6 6. Nf3 f5 7. Qb3 Nf6 8. h4 h6
9. Bd2 Ne7 10. O-O-O Nd7 11. Be3 c6 12. Nd2 O-O 13. f4 Nc5 14. Qa3 Ne6 15. fxe5
dxe5 16. Nf3 Nd4 17. Bf2 Rf7 18. e3 Nxf3 19. Bxf3 Be6 20. Be2 Qc7 21. Kb1 Nc8
22. Rhe1 Nb6 23. e4 Nd7 24. exf5 Bxf5 25. Be3 Nf6 26. Qb3 Bg4 27. Bxg4 Nxg4 28.
Bg1 Kh7 29. Qc2 Raf8 30. Bc5 Rd8 31. Rf1 b6 32. Bg1 Rdf8 33. Qe2 Rxf1 34. Rxf1
Rxf1+ 35. Qxf1 Qd7 36. Qf3 Qf5 37. Qe2 Nf6 38. Kc2 Nd7 39. Ne4 Nf8 40. g4 Qd7
41. g5 h5 42. Qf2 Ne6 43. Bh2 Nd4+ 44. Kd2 Nf5 45. b3 Qe7 1/2-1/2

[Event "G7-Gruppe 2 2013"]
[Site "Elsinore"]
[Date "2013.03.30"]
[Round "5"]
[White "Oland, Arne"]
[Black "Borg, Flemming"]
[Result "1-0"]
[WhiteElo "1925"]
[BlackElo "1784"]
[PlyCount "89"]
[EventDate "2013.??.??"]
[EventType "swiss"]
[EventRounds "7"]
[EventCountry "DEN"]

1. f4 d5 2. Nf3 Bg4 3. e3 Nc6 4. Bb5 Qd6 5. O-O O-O-O 6. d4 f6 7. b3 Nh6 8. Ba3
Qd7 9. Qe1 Bxf3 10. Rxf3 a6 11. Bf1 e5 12. fxe5 fxe5 13. c3 Bd6 14. Bxd6 Qxd6
15. Nd2 Rdf8 16. Qg3 Rxf3 17. Nxf3 Nf5 18. Qh3 g6 19. Re1 e4 20. Nd2 Nce7 21.
Re2 Kb8 22. g4 Ng7 23. Rf2 Qe6 24. c4 c6 25. Be2 g5 26. Qf1 Ng6 27. Rf6 Qe8 28.
cxd5 cxd5 29. Bxa6 Rf8 30. Rxf8 Nxf8 31. Bb5 Qe7 32. Nb1 Nfe6 33. Nc3 Nc7 34.
Be2 Nge6 35. Na4 Qa3 36. Qb1 Qb4 37. Qc1 Nxd4 38. exd4 Qxd4+ 39. Kg2 Ne6 40.
Qc3 Nf4+ 41. Kf1 Nxe2 42. Kxe2 Qg1 43. Qg3+ Qxg3 44. hxg3 Kc7 45. Ke3 1-0

[Event "G7-Gruppe 2 2013"]
[Site "Elsinore"]
[Date "2013.03.30"]
[Round "5"]
[White "Christophersen, David"]
[Black "Hansen, Verner"]
[Result "0-1"]
[WhiteElo "1834"]
[BlackElo "1887"]
[PlyCount "62"]
[EventDate "2013.??.??"]
[EventType "swiss"]
[EventRounds "7"]
[EventCountry "DEN"]

1. d4 d5 2. c4 e6 3. Nc3 c5 4. cxd5 exd5 5. e3 Nf6 6. Nf3 Be7 7. Qa4+ Bd7 8.
Qb3 c4 9. Qc2 O-O 10. Be2 Nc6 11. Ne5 Nxe5 12. dxe5 Ng4 13. Nxd5 Nxe5 14. Nxe7+
Qxe7 15. f4 Ng4 16. Bxg4 Bxg4 17. Qxc4 Rac8 18. Qb3 Qe4 19. O-O Rc2 20. Rf2
Rfc8 21. Bd2 Rd8 22. Bc3 Rxf2 23. Kxf2 Be6 24. Qb4 Qc2+ 25. Kg3 h5 26. Qe7 Rd3
27. Bd4 Qe2 28. Qd8+ Kh7 29. Qg5 f6 30. Qc5 Qg4+ 31. Kf2 Rd2+ 0-1

[Event "G7-Gruppe 2 2013"]
[Site "Elsinore"]
[Date "2013.03.30"]
[Round "5"]
[White "Jacobsen, Mikkel Manosri"]
[Black "Kristensen, Bjarke Hautop"]
[Result "0-1"]
[WhiteElo "1815"]
[BlackElo "1873"]
[PlyCount "84"]
[EventDate "2013.??.??"]
[EventType "swiss"]
[EventRounds "7"]
[EventCountry "DEN"]

1. d4 g6 2. Nf3 Nf6 3. Bf4 Bg7 4. e3 d6 5. Be2 Nh5 6. Bg5 h6 7. Bh4 g5 8. Bg3
Nxg3 9. hxg3 Nd7 10. Qd3 c5 11. c3 Nf6 12. Nbd2 Qc7 13. Ne4 Be6 14. dxc5 Nxe4
15. Qxe4 Qxc5 16. Qxb7 O-O 17. O-O Rab8 18. Qe4 Bf5 19. Qc4 Qxc4 20. Bxc4 Rxb2
21. Nd4 Be4 22. Bb3 Bf6 23. Rac1 a5 24. Rfd1 Ra8 25. f3 a4 26. Bc4 Rc8 27. Ba6
Ra8 28. Bc4 d5 29. Bf1 Bg6 30. Ra1 Rc8 31. Rdc1 Rd2 32. Bb5 a3 33. Ba4 Bd3 34.
Bb3 e6 35. Kh2 e5 36. Nc2 Bxc2 37. Bxc2 Rxc3 38. Bh7+ Kxh7 39. Rxc3 e4 40. Rxa3
Bxa1 41. fxe4 dxe4 42. Ra7 Kg6 0-1

[Event "G7-Gruppe 2 2013"]
[Site "Elsinore"]
[Date "2013.03.30"]
[Round "5"]
[White "Jensen, Tommy"]
[Black "Haagen Larsen, Hans"]
[Result "0-1"]
[WhiteElo "1904"]
[BlackElo "1745"]
[PlyCount "70"]
[EventDate "2013.??.??"]
[EventType "swiss"]
[EventRounds "7"]
[EventCountry "DEN"]

1. d4 d6 2. e4 g6 3. Nc3 Bg7 4. Be3 Nc6 5. a3 e5 6. d5 Nce7 7. Nf3 f5 8. exf5
gxf5 9. Ng5 Nf6 10. Bb5+ c6 11. dxc6 bxc6 12. Be2 f4 13. Bd2 O-O 14. Nce4 Ng6
15. Bb4 Nxe4 16. Nxe4 d5 17. Bxf8 Qxf8 18. Nc3 Nh4 19. g3 Ng2+ 20. Kf1 Ne3+ 21.
fxe3 fxe3+ 22. Bf3 e4 23. Kg2 exf3+ 24. Qxf3 Qxf3+ 25. Kxf3 d4 26. Na4 Be6 27.
Ke2 Bc4+ 28. Ke1 Rf8 29. b3 d3 30. bxc4 Bxa1 31. cxd3 Rf2 32. Rf1 Rd2 33. Nc5
Ra2 34. Ne6 Bc3+ 35. Kd1 e2+ 0-1

[Event "G7-Gruppe 2 2013"]
[Site "Elsinore"]
[Date "2013.03.30"]
[Round "5"]
[White "Marshall, Michael"]
[Black "Boe Olsen, Filip"]
[Result "1-0"]
[WhiteElo "1873"]
[BlackElo "1629"]
[PlyCount "153"]
[EventDate "2013.??.??"]
[EventType "swiss"]
[EventRounds "7"]
[EventCountry "DEN"]

1. d4 d5 2. Nf3 Nf6 3. e3 c6 4. c4 e6 5. Bd3 Nbd7 6. O-O dxc4 7. Bxc4 b5 8. Bd3
Bb7 9. b3 Be7 10. Bb2 a6 11. Nbd2 O-O 12. Qe2 Rc8 13. Rac1 c5 14. Rfd1 Qb6 15.
Bb1 Rfd8 16. h3 Nf8 17. Ne5 cxd4 18. Bxd4 Bc5 19. Rxc5 Rxc5 20. b4 Rxd4 21.
bxc5 Rxd2 22. Qxd2 Qxc5 23. Qd4 Qd5 24. Qxd5 Nxd5 25. Rc1 Ng6 26. Nxg6 hxg6 27.
e4 Nf6 28. f3 Ne8 29. e5 Kf8 30. Kf2 Bd5 31. Ke3 Ke7 32. Be4 Bxa2 33. Ra1 Bc4
34. Rxa6 Nc7 35. Ra7 Kd8 36. Bd3 Nd5+ 37. Kd4 Bxd3 38. Kxd3 Ke8 39. g3 g5 40.
Ra8+ Ke7 41. Ra7+ Ke8 42. Rb7 b4 43. Kd4 g6 44. Rb8+ Ke7 45. Ke4 Nc3+ 46. Kd3
Nd5 47. Kd4 Kd7 48. Rb7+ Ke8 49. Kc5 Nc3 50. Rxb4 Ne2 51. Kd6 Kf8 52. h4 gxh4
53. gxh4 Ng3 54. Kd7 Nf5 55. Rb8+ Kg7 56. Ke8 Nh6 57. Rb7 Kg8 58. Rb2 Nf5 59.
Rb7 Nh6 60. Ke7 Nf5+ 61. Kf6 Nh6 62. Rb8+ Kh7 63. Rf8 g5 64. hxg5 Ng4+ 65. Kxf7
Nxe5+ 66. Kxe6 Ng6 67. Rf7+ Kg8 68. Rf6 Nh4 69. f4 Nf3 70. Rg6+ Kh7 71. f5 Nd4+
72. Ke5 Nf3+ 73. Kf6 Kh8 74. Rh6+ Kg8 75. g6 Nd4 76. g7 Ne6 77. Rh8# 1-0

[Event "G7-Gruppe 2 2013"]
[Site "Elsinore"]
[Date "2013.03.30"]
[Round "5"]
[White "Markussen, Benno"]
[Black "Strachan, Christian C"]
[Result "0-1"]
[WhiteElo "1779"]
[BlackElo "1826"]
[PlyCount "84"]
[EventDate "2013.??.??"]
[EventType "swiss"]
[EventRounds "7"]
[EventCountry "DEN"]

1. c4 c6 2. Nc3 d5 3. cxd5 cxd5 4. d4 Nc6 5. Nf3 Nf6 6. e3 a6 7. a3 e6 8. Bd3
Be7 9. O-O O-O 10. Qc2 Bd7 11. Ne5 Rc8 12. f4 Bd6 13. Rf3 Be8 14. Rh3 g6 15.
Bd2 Kg7 16. Be1 Be7 17. Qe2 Ng8 18. Nf3 Nh6 19. Bh4 f6 20. Bf2 Nf7 21. e4 dxe4
22. Nxe4 Nd6 23. Nc5 Bf7 24. Nxe6+ Bxe6 25. Qxe6 Re8 26. Qb3 Qd7 27. Re1 Bf8
28. d5 Rxe1+ 29. Nxe1 Ne7 30. Re3 Ndf5 31. Bxf5 Nxf5 32. Rc3 Re8 33. Nf3 Bd6
34. g3 Rd8 35. Rd3 Be7 36. Kg2 b5 37. h3 Qb7 38. g4 Nd6 39. Nd4 Rc8 40. Nc6 Bf8
41. Re3 Qf7 42. Re1 Rxc6 0-1

[Event "G7-Gruppe 2 2013"]
[Site "Elsinore"]
[Date "2013.03.30"]
[Round "5"]
[White "Stochkel, Casper"]
[Black "Petersen, Bjarne"]
[Result "1-0"]
[WhiteElo "1797"]
[BlackElo "1797"]
[PlyCount "75"]
[EventDate "2013.??.??"]
[EventType "swiss"]
[EventRounds "7"]
[EventCountry "DEN"]

1. c4 g6 2. Nf3 Bg7 3. g3 c5 4. Bg2 Nc6 5. Nc3 Nf6 6. O-O b6 7. d4 cxd4 8. Nxd4
Bb7 9. e4 Qc8 10. f4 d6 11. Nxc6 Bxc6 12. Rb1 O-O 13. Nd5 Nxd5 14. exd5 Bd7 15.
Qd3 Qc7 16. Re1 Rae8 17. b3 Bf5 18. Be4 Bxe4 19. Rxe4 Qc5+ 20. Kg2 f5 21. Re6
Rf6 22. Bb2 Rxe6 23. dxe6 Bxb2 24. Rxb2 Rf8 25. b4 Qc6+ 26. Qd5 Qxd5+ 27. cxd5
Rc8 28. Kf3 Rc3+ 29. Ke2 b5 30. Kd2 Rc4 31. Kd3 a6 32. a3 Rc1 33. Rc2 Rxc2 34.
Kxc2 Kf8 35. Kd3 Kg7 36. Ke3 Kf6 37. Kf3 h6 38. h3 1-0

[Event "G7-Gruppe 2 2013"]
[Site "Elsinore"]
[Date "2013.03.31"]
[Round "6"]
[White "Jensen, Tommy"]
[Black "Thomsen, Kurt"]
[Result "0-1"]
[WhiteElo "1904"]
[BlackElo "1940"]
[PlyCount "58"]
[EventDate "2013.??.??"]
[EventType "swiss"]
[EventRounds "7"]
[EventCountry "DEN"]

1. d4 Nf6 2. Nf3 g6 3. Nc3 d5 4. g3 Bg7 5. Bg2 O-O 6. O-O c6 7. Re1 Bf5 8. e3
Nbd7 9. Ne2 Be4 10. Nc3 Bxf3 11. Bxf3 e5 12. dxe5 Nxe5 13. Bg2 Re8 14. h3 Qa5
15. Bd2 Nc4 16. Rb1 Rad8 17. b4 Qc7 18. Ne2 Ne4 19. Bxe4 dxe4 20. Nd4 Bxd4 21.
exd4 Rxd4 22. Bf4 Qd7 23. Qe2 Nd2 24. Bxd2 Rxd2 25. Qc4 e3 26. Rf1 e2 27. Rfe1
Rd1 28. Qc3 Rxb1 29. Rxb1 Qd1+ 0-1

[Event "G7-Gruppe 2 2013"]
[Site "Elsinore"]
[Date "2013.03.31"]
[Round "6"]
[White "Hansen, Rasmus Agertoft"]
[Black "Hvid, Jorn Christensen"]
[Result "0-1"]
[WhiteElo "1985"]
[BlackElo "1967"]
[PlyCount "82"]
[EventDate "2013.??.??"]
[EventType "swiss"]
[EventRounds "7"]
[EventCountry "DEN"]

1. d4 d5 2. Nf3 Nf6 3. c4 c6 4. Nc3 e6 5. Bg5 dxc4 6. e4 b5 7. e5 h6 8. Bh4 g5
9. Nxg5 hxg5 10. Bxg5 Nbd7 11. g3 Bb7 12. Bg2 Qb6 13. exf6 O-O-O 14. O-O c5 15.
d5 b4 16. Na4 Qb5 17. a3 exd5 18. axb4 cxb4 19. Qd4 Nc5 20. b3 Nxb3 21. Qxa7
Nxa1 22. Nb6+ Kc7 23. Bf4+ Kc6 24. Nxd5 Rxd5 25. Qb8 Kc5 26. Be3+ Kc6 27. Qe8+
Kc7 28. Bf4+ Bd6 29. Bxd6+ Kxd6 30. Qxh8 Nc2 31. Qf8+ Kc7 32. Bh3 Nd4 33. Bg4
Rd7 34. Qe8 Nf3+ 35. Bxf3 Bxf3 36. Qe3 Bb7 37. h4 Qd5 38. Qf4+ Rd6 39. f3 Qd4+
40. Qxd4 Rxd4 41. Re1 Bxf3 0-1

[Event "G7-Gruppe 2 2013"]
[Site "Elsinore"]
[Date "2013.03.31"]
[Round "6"]
[White "Luther, Lasse"]
[Black "Kristensen, Bjarke Hautop"]
[Result "1/2-1/2"]
[WhiteElo "1999"]
[BlackElo "1873"]
[PlyCount "56"]
[EventDate "2013.??.??"]
[EventType "swiss"]
[EventRounds "7"]
[EventCountry "DEN"]

1. d4 g6 2. e4 Bg7 3. c3 d6 4. Bg5 Nf6 5. Nd2 Nbd7 6. Ngf3 e5 7. dxe5 dxe5 8.
Be2 O-O 9. O-O h6 10. Bh4 Qe8 11. Re1 Nh5 12. Bf1 Nc5 13. Nc4 Nf4 14. b4 Nd7
15. Qc2 Nb6 16. Ne3 Be6 17. Nd2 f5 18. f3 Qf7 19. a4 a5 20. b5 Nh5 21. c4 f4
22. Nd5 g5 23. Bf2 Nc8 24. Bc5 Rd8 25. b6 cxb6 26. Nxb6 Nxb6 27. Bxb6 Rdc8 28.
c5 Bf8 1/2-1/2